Spotlight (Record no. 74831)

MARC details
000 -LEADER
fixed length control field 00700cam a2200181 4500
001 - CONTROL NUMBER
control field X128868
008 - FIXED-LENGTH DATA ELEMENTS--GENERAL INFORMATION
fixed length control field 050222n1978 000 0 eng u
035 ## - SYSTEM CONTROL NUMBER
System control number (Sirsi) u128868
245 ## - TITLE STATEMENT
Title Spotlight
Remainder of title Secretary-General's report on current affairs
Statement of responsibility, etc. the new Great George Street
260 ## - PUBLICATION, DISTRIBUTION, ETC.
Date of publication, distribution, etc. 1978
490 ## - SERIES STATEMENT
Series statement Chartered Surveyor
Volume/sequential designation 110 March 1978, 239-240(2)
520 ## - SUMMARY, ETC.
Summary, etc. Reports on RICS' return to 12 Great George Street on 1 February 1978, following the building's extension and refurbishment by the Rolfe Judd Group. Describes the new president's suite and public rooms.
590 ## - LOCAL NOTE (RLIN)
Local note GGS
650 ## - SUBJECT ADDED ENTRY--TOPICAL TERM
Topical term or geographic name entry element 12 GREAT GEORGE STREET
650 ## - SUBJECT ADDED ENTRY--TOPICAL TERM
Topical term or geographic name entry element ROLFE JUDD GROUP
690 ## - LOCAL SUBJECT ADDED ENTRY--TOPICAL TERM (OCLC, RLIN)
Topical term or geographic name as entry element RICS NEWS
942 ## - ADDED ENTRY ELEMENTS (KOHA)
Suppress in OPAC 0
Holdings
Withdrawn status Lost status Source of classification or shelving scheme Damaged status Not for loan Home library Current library Shelving location Date acquired Total Checkouts Full call number Barcode Date last seen Copy number Price effective from Koha item type
    Dewey Decimal Classification     London London Journal article 22/02/2005   X128868 128868-1001 06/08/2019 1 06/08/2019 Journal article